000 00298nam a22001217a 4500
082 _a425
_bOXF/D
100 _aOXFORD
245 _aCONSISE OXFORD-HACHETTE FRENCH DICTIONARY
260 _aNEW YORK
_bHACHETTE
_c2009
300 _a1380
650 _aENGLIS-FRENCH DICTIONARY
_zUNITED STATES
942 _cBK
999 _c8006
_d8006